[Event "Pardubice Czech op-E 32nd"]
[Site "Pardubice"]
[Date "2021.07.18"]
[Round "6.1"]
[White "Stein, Robert"]
[Black "Kostka, Vit"]
[Result "1/2-1/2"]
[WhiteElo "2325"]
[BlackElo "2153"]
[PlyCount "69"]
[EventDate "2021.07.15"]
[EventType "team-swiss"]
[EventRounds "7"]
[EventCountry "CZE"]
[SourceTitle "CBM 203 Extra"]
[Source "ChessBase"]
[SourceDate "2021.09.30"]
[SourceVersion "1"]
[SourceVersionDate "2021.09.30"]
[SourceQuality "1"]
[WhiteTeam "Sachsen Anhalt"]
[BlackTeam "Orlova Slavia "]
[WhiteTeamCountry "GER"]
[BlackTeamCountry "CZE"]

1. d4 d5 2. c4 e5 3. dxe5 Ne7 4. Nf3 Nbc6 5. cxd5 Qxd5 6. Qxd5 Nxd5 7. a3 h6 8. e4 Nb6 9. Be3 g5 10. Nbd2 Bg7 11. Bb5 Bd7 12. e6 fxe6 13. Bxc6 Bxc6 14. Bd4 Bxd4 15. Nxd4 Bd7 16. Rc1 Rc8 17. N4f3 Ke7 18. Ne5 Rhd8 19. h4 Kf6 20. Rc5 Na4 21. hxg5+ hxg5 22. Ng4+ Ke7 23. Rxg5 Nxb2 24. e5 Nd3+ 25. Kf1 Rh8 26. Rg7+ Kf8 27. Rgh7 Rxh7 28. Rxh7 Rd8 29. Ne4 Bb5 30. Kg1 Rd7 31. Rh8+ Kg7 32. Rb8 Nf4 33. Kh2 Kg6 34. Rg8+ Kf7 35. Rh8 1/2-1/2

[Event "Bohumin op 4th"]
[Site "Bohumin"]
[Date "2021.07.11"]
[Round "9"]
[White "Zabystrzan, Pavel"]
[Black "Kostka, Vit"]
[Result "1/2-1/2"]
[WhiteElo "2214"]
[BlackElo "2153"]
[PlyCount "37"]
[EventDate "2021.07.03"]
[EventType "swiss"]
[EventRounds "9"]
[EventCountry "CZE"]
[SourceTitle "CBM 203 Extra"]
[Source "ChessBase"]
[SourceDate "2021.09.30"]
[SourceVersion "1"]
[SourceVersionDate "2021.09.30"]
[SourceQuality "1"]

1. Nf3 Nf6 2. g3 g6 3. b3 Bg7 4. Bb2 0-0 5. Bg2 d6 6. d4 a5 7. 0-0 a4 8. Na3 c6 9. Re1 d5 10. Ne5 Nbd7 11. Nd3 Nb6 12. c4 axb3 13. axb3 dxc4 14. bxc4 Be6 15. c5 Nc4 16. Nxc4 Bxc4 17. Ne5 Rxa1 18. Qxa1 Bd5 19. Nd3 1/2-1/2

[Event "Bohumin op 4th"]
[Site "Bohumin"]
[Date "2021.07.06"]
[Round "4"]
[White "Fargac, Martin"]
[Black "Kostka, Vit"]
[Result "1-0"]
[WhiteElo "2320"]
[BlackElo "2153"]
[PlyCount "143"]
[EventDate "2021.07.03"]
[EventType "swiss"]
[EventRounds "9"]
[EventCountry "CZE"]
[SourceTitle "CBM 203 Extra"]
[Source "ChessBase"]
[SourceDate "2021.09.30"]
[SourceVersion "1"]
[SourceVersionDate "2021.09.30"]
[SourceQuality "1"]

1. d4 d6 2. e4 Nf6 3. Nc3 g6 4. f4 Bg7 5. Nf3 c5 6. dxc5 Qa5 7. Bd3 Qxc5 8. Qe2 0-0 9. Be3 Qa5 10. a3 Nc6 11. 0-0 Nh5 12. Nd2 Bxc3 13. Nb3 Qc7 14. bxc3 Na5 15. f5 Nxb3 16. cxb3 Qxc3 17. Bc4 Nf6 18. Rad1 Qe5 19. fxg6 hxg6 20. Bd4 Qg5 21. Rd3 Bg4 22. Qf2 Nxe4 23. Bxf7+ Kh7 24. Qe1 e5 25. Qxe4 Bf5 26. Rxf5 gxf5 27. Rh3+ Kg7 28. Bxe5+ Kxf7 29. Qc4+ Ke8 30. Bf4 Qg7 31. Re3+ Kd8 32. Bxd6 Re8 33. Rxe8+ Kxe8 34. Qe6+ Kd8 35. Be5 Qd7 36. Qg8+ Qe8 37. Qg5+ Kd7 38. Qd2+ Kc8 39. Qc2+ Qc6 40. Qxf5+ Qd7 41. Qf8+ Qd8 42. Qc5+ Kd7 43. Qd5+ Kc8 44. Qe6+ Qd7 45. Qc4+ Qc6 46. Qg8+ Kd7 47. Qxa8 Qc1+ 48. Kf2 Qd2+ 49. Kf3 Qd3+ 50. Kf4 Qf1+ 51. Kg3 Qd3+ 52. Kh4 Qh7+ 53. Kg5 Qe7+ 54. Bf6 Qe3+ 55. Kg6 Qe4+ 56. Kg7 Qxg2+ 57. Kf8 Ke6 58. Qd8 Qxh2 59. Qe7+ Kf5 60. Qf7 Qb8+ 61. Bd8+ Ke5 62. Qf6+ Ke4 63. Ke7 Kd5 64. Kd7 b5 65. Bc7 Qg8 66. Qc6+ Kd4 67. b4 Qa2 68. Qf6+ Kd3 69. Qf3+ Kd4 70. Bd8 Qd2 71. Kc6 Kc4 72. Qf7+ 1-0

[Event "Bohumin op 4th"]
[Site "Bohumin"]
[Date "2021.07.05"]
[Round "3"]
[White "Kostka, Vit"]
[Black "Tymrakiewicz, Rafal"]
[Result "1/2-1/2"]
[WhiteElo "2153"]
[BlackElo "2236"]
[PlyCount "115"]
[EventDate "2021.07.03"]
[EventType "swiss"]
[EventRounds "9"]
[EventCountry "CZE"]
[SourceTitle "CBM 203 Extra"]
[Source "ChessBase"]
[SourceDate "2021.09.30"]
[SourceVersion "1"]
[SourceVersionDate "2021.09.30"]
[SourceQuality "1"]

1. e4 c6 2. Nf3 d5 3. d3 g6 4. h3 Bg7 5. c3 e5 6. Be2 Ne7 7. 0-0 0-0 8. Re1 c5 9. Bf1 Nbc6 10. Nbd2 d4 11. cxd4 Nxd4 12. Nxd4 Qxd4 13. a4 Be6 14. Nc4 b6 15. Be3 Qd7 16. a5 Rab8 17. axb6 axb6 18. Ra6 Qc7 19. Qa1 Nc6 20. Rc1 Rfd8 21. Ra3 Bf8 22. b3 f6 23. g3 Rd7 24. f4 Bg7 25. Ra8 Rdd8 26. Rxb8 Rxb8 27. Rc2 Nb4 28. Rf2 b5 29. Qa5 Qd7 30. f5 gxf5 31. exf5 Bf7 32. Bxc5 bxc4 33. Bxb4 cxb3 34. Bc3 Bh6 35. Kh2 Be3 36. Rb2 Qxf5 37. Rb1 Rc8 38. Qb4 Qf2+ 39. Bg2 Bd5 40. Qg4+ Kf7 41. Qd7+ Kg6 42. Qxd5 Rxc3 43. Qg8+ Kh6 44. Qf8+ Kg6 45. Qg8+ Kh6 46. Qf8+ Kg6 47. Rf1 Qxf1 48. Qg8+ Kh6 49. Qf8+ Kg6 50. Bxf1 b2 51. Qg8+ Kh6 52. Qe6 Kg7 53. Qe7+ Kg6 54. Bg2 Rc2 55. Qe8+ Kg7 56. Qe7+ Kg6 57. Qe8+ Kg7 58. Qe7+ 1/2-1/2

[Event "CZE-ch Betsys Online Blitz"]
[Site "Chess.com INT"]
[Date "2021.04.17"]
[Round "10"]
[White "Ocelak, Jakub"]
[Black "Kostka, Vit"]
[Result "1-0"]
[WhiteElo "2043"]
[BlackElo "2153"]
[PlyCount "105"]
[EventDate "2021.04.17"]
[EventType "swiss (blitz)"]
[EventRounds "13"]
[EventCountry "CZE"]
[SourceTitle "CBM 201 Extra"]
[Source "ChessBase"]
[SourceDate "2021.05.31"]
[SourceVersion "1"]
[SourceVersionDate "2021.05.31"]
[SourceQuality "1"]

1. b3 Nf6 2. Bb2 g6 3. Nf3 Bg7 4. g3 d6 5. Bg2 0-0 6. 0-0 c6 7. c4 Qa5 8. d3 Qh5 9. Nbd2 Bh3 10. e3 Nbd7 11. Nh4 Qxd1 12. Raxd1 Bxg2 13. Nxg2 a5 14. a3 Nc5 15. d4 Nce4 16. Nxe4 Nxe4 17. f3 Ng5 18. Kf2 Rfc8 19. Nf4 b5 20. cxb5 cxb5 21. Rc1 Kf8 22. Nd5 Rab8 23. Nf4 Ke8 24. h4 Ne6 25. Nxe6 fxe6 26. Ke2 Kd7 27. Kd3 Rxc1 28. Rxc1 Rf8 29. Ke2 h6 30. Rh1 Rc8 31. Rc1 Rxc1 32. Bxc1 Kc6 33. Bd2 a4 34. bxa4 bxa4 35. Kd3 Kb5 36. Bc3 Bf6 37. Bb2 g5 38. h5 Bg7 39. g4 Bf6 40. Bc3 e5 41. dxe5 Bxe5 42. Bxe5 dxe5 43. Ke4 Kc4 44. Kxe5 Kb3 45. f4 gxf4 46. exf4 Kxa3 47. g5 hxg5 48. fxg5 Kb3 49. g6 a3 50. g7 a2 51. g8Q+ Kb2 52. Qxa2+ Kxa2 53. h6 1-0

[Event "CZE-ch Betsys Online Blitz"]
[Site "Chess.com INT"]
[Date "2021.04.17"]
[Round "6"]
[White "Ringel, Zbynek"]
[Black "Kostka, Vit"]
[Result "1/2-1/2"]
[WhiteElo "2255"]
[BlackElo "2153"]
[PlyCount "89"]
[EventDate "2021.04.17"]
[EventType "swiss (blitz)"]
[EventRounds "13"]
[EventCountry "CZE"]
[SourceTitle "CBM 201 Extra"]
[Source "ChessBase"]
[SourceDate "2021.05.31"]
[SourceVersion "1"]
[SourceVersionDate "2021.05.31"]
[SourceQuality "1"]

1. e4 c5 2. Nf3 d6 3. d4 cxd4 4. Nxd4 Nf6 5. Nc3 g6 6. Bc4 Bg7 7. 0-0 0-0 8. Re1 Nc6 9. Bb3 Qb6 10. Nxc6 bxc6 11. Bg5 Be6 12. Qd2 Rfe8 13. Rad1 Rad8 14. Bh6 Bxh6 15. Qxh6 Qxf2+ 16. Kxf2 Ng4+ 17. Kg3 Nxh6 18. Bxe6 fxe6 19. Rd4 Rb8 20. b3 Nf7 21. Ra4 Rb7 22. Ne2 e5 23. c4 Ng5 24. Nc3 Ne6 25. Ra6 Nd4 26. Ne2 Nxe2+ 27. Rxe2 Rc7 28. Rd2 Kf7 29. Kf3 Ke6 30. Ke3 Rb8 31. Rd1 Rb6 32. Ra5 a6 33. c5 dxc5 34. Rxc5 Rb5 35. Rdc1 Rxc5 36. Rxc5 Kd6 37. Ra5 Ra7 38. Kd3 Ra8 39. Kc4 Rf8 40. Rxa6 Rf2 41. b4 Kd7 42. Ra7+ Kd6 43. Ra6 Kd7 44. Ra7+ Kd6 45. Ra6 1/2-1/2

[Event "CZE-ch Betsys Online Blitz"]
[Site "Chess.com INT"]
[Date "2021.04.17"]
[Round "8"]
[White "Zwardon, Vojtech"]
[Black "Kostka, Vit"]
[Result "1-0"]
[WhiteElo "2466"]
[BlackElo "2153"]
[PlyCount "57"]
[EventDate "2021.04.17"]
[EventType "swiss (blitz)"]
[EventRounds "13"]
[EventCountry "CZE"]
[SourceTitle "CBM 201 Extra"]
[Source "ChessBase"]
[SourceDate "2021.05.31"]
[SourceVersion "1"]
[SourceVersionDate "2021.05.31"]
[SourceQuality "1"]

1. c4 Nf6 2. g3 g6 3. Bg2 Bg7 4. Nc3 d6 5. d3 0-0 6. Bg5 c6 7. Qd2 Qa5 8. Bh6 Bxh6 9. Qxh6 Qb6 10. Qd2 Na6 11. Nf3 Qa5 12. 0-0 Qh5 13. Rfe1 Bh3 14. Bh1 Nc5 15. b4 Ne6 16. b5 Rac8 17. bxc6 bxc6 18. Rab1 Rb8 19. Qe3 c5 20. Nd5 Rxb1 21. Nxe7+ Kg7 22. Rxb1 Ng4 23. Qd2 Re8 24. Qc3+ f6 25. Rb7 Kf8 26. Nd5 Ne5 27. Nxf6 Nd4 28. Nxd4 cxd4 29. Qxd4 1-0

[Event "CZE-chT2F 1920"]
[Site "Czech Republic"]
[Date "2020.06.28"]
[Round "11.4"]
[White "Kostka, Vit"]
[Black "Ockay, Tomas"]
[Result "1/2-1/2"]
[WhiteElo "2138"]
[BlackElo "2132"]
[PlyCount "86"]
[EventDate "2019.10.13"]
[EventType "team-tourn"]
[EventRounds "11"]
[EventCountry "CZE"]
[SourceTitle "EXT 2024"]
[Source "ChessBase"]
[SourceDate "2023.10.10"]
[SourceVersion "1"]
[SourceVersionDate "2023.10.10"]
[SourceQuality "1"]
[WhiteTeam "Orlova Slavia II"]
[BlackTeam "Poruba Slavoj III"]
[WhiteTeamCountry "CZE"]
[BlackTeamCountry "CZE"]

1. e4 c6 2. d4 d5 3. Nc3 dxe4 4. Nxe4 Nd7 5. Nf3 Ngf6 6. Ng3 e6 7. Bd3 Be7 8. 0-0 c5 9. c3 cxd4 10. Nxd4 0-0 11. Bc2 Qc7 12. Qe2 Qe5 13. Qxe5 Nxe5 14. Re1 Ng6 15. Ne4 Bd7 16. Nxf6+ Bxf6 17. Be4 Bxd4 18. cxd4 Bc6 19. Bxc6 bxc6 20. Be3 Rab8 21. b3 a5 22. Rac1 a4 23. bxa4 Rb4 24. Rxc6 Rxa4 25. Rc2 Rfa8 26. Ree2 Ne7 27. g3 Nd5 28. Kg2 h6 29. Kf3 Ra3 30. Rb2 Nc3 31. Red2 Nxa2 32. d5 exd5 33. Rxd5 Nc3 34. Rd7 Na4 35. Rc2 Nc3 36. Kg2 Ne4 37. Rcc7 Rf8 38. Bc5 Nxc5 39. Rxc5 Ra6 40. Rdc7 Rf6 41. Rc8 Rxc8 42. Rxc8+ Kh7 43. h4 h5 1/2-1/2

[Event "CZE-chT1E 1920"]
[Site "Czech Republic"]
[Date "2020.06.14"]
[Round "11.6"]
[White "Kostka, Vit"]
[Black "Stancik, Jakub"]
[Result "1/2-1/2"]
[WhiteElo "2143"]
[BlackElo "2058"]
[PlyCount "48"]
[EventDate "2019.10.20"]
[EventType "team-tourn"]
[EventRounds "11"]
[EventCountry "CZE"]
[SourceTitle "EXT 2021"]
[Source "ChessBase"]
[SourceDate "2020.10.23"]
[SourceVersion "1"]
[SourceVersionDate "2020.10.23"]
[SourceQuality "1"]
[WhiteTeam "Orlova Slavia"]
[BlackTeam "Vsetin"]
[WhiteTeamCountry "CZE"]
[BlackTeamCountry "CZE"]

1. e4 c5 2. Nf3 d6 3. Bb5+ Bd7 4. Bxd7+ Qxd7 5. 0-0 Nc6 6. c4 g6 7. d4 cxd4 8. Nxd4 Bg7 9. Be3 Nf6 10. f3 0-0 11. Nc3 Rfc8 12. b3 Qd8 13. Qd2 a6 14. Rac1 Rab8 15. Rfd1 Qa5 16. Nxc6 Rxc6 17. Nd5 Qxd2 18. Bxd2 Nxd5 19. cxd5 Bd4+ 20. Kf1 Rcc8 21. Rxc8+ Rxc8 22. Rc1 Rc5 23. Ke2 Kf8 24. Kd3 Rxc1 1/2-1/2